000 00536nam a2200205Ia 4500
005 20250923144703.0
008 008 250917s9999 xx 000 0 eng d
037 _aTextual
040 _aDSWL
_beng
_cDSWL
041 _aeng
_2eng
084 _qDSWL
100 _aBourne, George
_9827383
245 0 _aChange in the village
_cby George Bourne
260 _aLondon
_b Gerald Duck Worth & Co.
_c1955
300 _axv,206p.
365 _aINR
_b10.6
925 _g10.6
942 _cTEXL
999 _c1442049
_d1442049